Bienvenue au Catalogue en Ligne des Bibliothèques de l'Universite du Burundi

Conception d'un système de gestion des demandeurs d'emploi dans une institution (Record no. 52928)

000 -GUIDE
Champ de contrôle de longueur fixe 00992nam a22002297a 4500
003 - IDENTITÉ DU NUMÉRO DE CONTRÔLE
Champ de contrôle BI-BuBU
008 - ÉLÉMENTS DE LONGUEUR FIXE - RENSEIGNEMENTS GÉNÉRAUX
Champ de contrôle de longueur fixe 251105b2023 bd fr|||| 000 0 fre d
037 ## - SOURCE D'ACQUISITION
Source d'acquisition et du numéro d'inventaire Don de l'auteur
039 ## - NIVEAU DE CONTRÔLE BIBLIOGRAPHIQUE ET HISTORIQUE D'ENCODAGE [OBSOLETE]
Date creation 20251105075131.0
Nom catalographe Augustin Mukezamfura
040 ## - SOURCE DU CATALOGAGE
Organisme qui a effectué le catalogage original BI-BuBU
Code de la langue utilisée dans le catalogage fre
Organisme qui a effectué la transcription BI-BuBU
041 0# - CODE DE LANGUE
Code de langue du texte/de la piste sonore ou du titre distinct fre
080 ## - INDICE DE LA CLASSIFICATION DÉCIMALE UNIVERSELLE (CDU)
Indice de la Classification décimale universelle 003.35
100 1# - VEDETTE PRINCIPALE - NOM DE PERSONNE
Code de relation aut.
Nom de personne Kasindi Wabenga, Augustin
245 10 - MENTION DU TITRE
Titre Conception d'un système de gestion des demandeurs d'emploi dans une institution
Reste du titre cas de la coordination des écoles conventionnées prostantes par 21è CNCA Sud-Kivu
Mention de responsabilité, etc. Augustin Kasindi Wabenga ; Jérémie Ndikumagenge, directeur
260 ## - PUBLICATION, DIFFUSION, ETC. (ADRESSE BIBLIOGRAPHIQUE)
Lieu de publication, diffusion, etc. Bujumbura
Nom de l'éditeur, diffuseur, etc. Université du Burundi
Date of publication, distribution, etc 2023
300 ## - DESCRIPTION MATÉRIELLE
Collation XII-70 f.
Dimensions 30 cm.
500 ## - NOTE GÉNÉRALE
Note générale Mémoire présenté et soutenu publiquement en vue de l'obtention du grade de master en Génie Informatique
650 7# - VEDETTE-MATIÈRE - NOM COMMUN
Source du terme BI-BuBU
Vedette de sujet ou vedette comportant un nom géographique Système numérique
Subdivision générale Gestion
-- Emploi
Subdivision géographique CNCA Sud-Kivu (DRC)
655 7# - TERME D'INDEXATION - GENRE OU FORME
Source du terme BI-BuBU
Données ou terme dominant sur le genre ou la forme Mémoire
700 1# - VEDETTE SECONDAIRE - NOM DE PERSONNE
Code de relation dir.
Nom d'auteur Ndikumagenge, Jérémie
942 ## - ÉLÉMENTS D'ENTRÉE ADDITIONNELLE (KOHA)
Source de la classification ou du système de rangement
Type d item koha Memoire
Holdings
Statut de retrait Statut de perte Source de la classification ou du système de rangement Statut de déterioration Exclu du prêt Numéro d item Koha Localisation permanente Localisation actuelle Date d'acquisition Source d'acquisition Nombre de prêts Cote Code-barres Date last seen Prix en vigueur à partir du Type d item koha
        Not For Loan 84761 Bibliothèque du Campus Kiriri Bibliothèque du Campus Kiriri 05/11/2025 Don de l'auteur   003.35 KAS.A. 5010000527143 05/11/2025 05/11/2025 Memoire
© 2019-2026 - Bibliothèques de l'Université du Burundi |Tous droits réservés
home | Pour toute information urgente Contactez nous | tel whatsupp: +25779204313